000 01256nam a2200253 i 4500
001 182575
003 ES-MaACL
005 20240514173355.0
008 130927s1869 sp af |||| | spa d
080 _a908(460.357)"18"
080 _a94(460.357)"07/14"
100 1 _aRada y Delgado, Juan de Dios de la.
_994904
245 1 0 _aCrónica de la provincia de Granada /
_cpor Juan de Dios de la Rada y Delgado.
260 _aMadrid :
_bRubio, Grilo y Vitturi,
_c1869.
300 _aVI, 191 p., [10] h. de lám., [1] h. de mapas :
_bil. ;
_c32 cm.
490 1 _aCrónica general de España, o sea historia ilustrada y descriptiva de sus provincias, sus poblaciones más importantes de la península y de ultramar
530 _aDisponible en formato digital.
651 4 _aGranada (Provincia)-
_xDescripción.
_9153478
651 4 _aGranada (Reino)-
_xHistoria.
_9137204
830 0 _aCrónica general de España, o sea Historia ilustrada y descriptiva de sus provincias, sus poblaciones más importantes de la península y posesiones de Ultramar
_9224862
852 _aES-MaACL
_jC-1581(2)
_z- Enc. con otras obras
856 _uhttp://bdh-rd.bne.es/viewer.vm?id=0000146627&page=1
_zBiblioteca Digital Hispánica
999 _c182575
_d182575